Вып. 9 : Автоматизация, телемеханизация и приборостроение; Сборник работ по вопросам электромеханики

Dettagli Bibliografici
Parent link:Сборник работ по вопросам электромеханики/ Академия наук СССР (АН СССР), Институт электромеханики. Вып. 9 : Автоматизация, телемеханизация и приборостроение.— , 1958-
Altri autori: Воронов А. А. (редактор)
Lingua:russo
Pubblicazione: 1963
Soggetti:
Natura: MixedMaterials Libro
KOHA link:https://koha.lib.tpu.ru/cgi-bin/koha/opac-detail.pl?biblionumber=675299

MARC

LEADER 00000nam2a2200000 4500
001 675299
005 20241009105140.0
035 |a (RuTPU)RU\TPU\book\329809 
035 |a RU\TPU\book\329610 
090 |a 675299 
100 |a 20241009d1963 k||y0rusy50 ca 
101 0 |a rus 
102 |a RU 
105 |a a z 001zy 
181 0 |a i   |b  e  
182 0 |a n 
183 0 |a nc  |2 RDAcarrier 
200 0 |a Вып. 9 : Автоматизация, телемеханизация и приборостроение  |f отв. ред. А. А. Воронов 
203 |a Текст  |b визуальный  |c непосредственный 
210 |d 1963 
215 |a 333 с.  |c ил. 
283 |a volume  |2 RDAcarrier 
320 |a Библиогр. в конце в конце работ. 
461 1 |0 (RuTPU)RU\TPU\book\85047  |t Сборник работ по вопросам электромеханики  |f Академия наук СССР (АН СССР), Институт электромеханики  |v Вып. 9 : Автоматизация, телемеханизация и приборостроение  |d 1958-  
606 1 |a Электромеханика  |2 stltpush  |3 (RuTPU)RU\TPU\subj\20251  |9 45364 
610 1 |a системы автоматического управления 
610 1 |a теория 
610 1 |a автоматизированный силовой электропривод 
610 1 |a инвенторы 
610 1 |a переходные процессы 
610 1 |a астрономические инструменты 
610 1 |a автоматизация 
610 1 |a программное управление 
610 1 |a телеинформационные системы 
610 1 |a телемеханизация 
610 1 |a элементы 
610 1 |a приборостроение 
610 1 |a приборы 
610 1 |a помехи 
610 1 |a цифровые преобразователи 
610 1 |a термопреобразователи 
610 1 |a нестационарные нагрузки 
675 |a 621.3  |v 4 
702 1 |a Воронов  |b А. А.  |4 340 
801 1 |a RU  |b 63413507  |c 20241009 
801 2 |a RU  |b 63413507  |c 20150918  |g RCR 
830 |a Ретро2024Продолжающиеся 
942 |c CR